00462nam a22001697a 450000500170000001000130001702000110003003500120004103700180005308200080007110000590007924500390013824600440017725000090022126000300023030000320026020151109111439.0 aPUN-7797 c150.00 aPN-6915 aunistar books a851 aਬਹਿਣੀਵਾਲ, ਜਸਮੀਤ ਸਿੰਘ aਕਿਤਾਬ ਬੋਲ ਪਈ / aKitab bol paibbyJasmeet Singh behniwal a2012 aChandigarhbUnistar Books aPg.108b22cmਸਜਿਲਦ